[Event "SLO-chT1 East"]
[Site "Slovenia"]
[Date "2017.11.24"]
[Round "7"]
[White "Vidic, Branko"]
[Black "Plahuta, Darko"]
[Result "0-1"]
[WhiteElo "1983"]
[BlackElo "2014"]
[PlyCount "88"]
[EventDate "2017.09.29"]
[EventType "team-tourn"]
[EventRounds "9"]
[EventCountry "SLO"]
[SourceTitle "EXT 2019"]
[Source "ChessBase"]
[SourceDate "2018.10.10"]
[SourceVersion "1"]
[SourceVersionDate "2018.10.10"]
[SourceQuality "1"]
[WhiteTeam "Lendava Rokada"]
[BlackTeam "Sentjur"]
[WhiteTeamCountry "SLO"]
[BlackTeamCountry "SLO"]

1. d4 e6 2. Nf3 d5 3. c4 Nf6 4. e3 Nbd7 5. Nc3 c6 6. Bd3 Bd6 7. 0-0 0-0 8. Qc2 Re8 9. Bd2 a6 10. a4 h6 11. c5 Bc7 12. b4 e5 13. dxe5 Nxe5 14. Nxe5 Bxe5 15. f4 Bc7 16. Rae1 d4 17. Nd1 dxe3 18. Nxe3 Be6 19. Bc3 Bd5 20. Nf5 Rxe1 21. Bxe1 Be6 22. Bc3 Bxf5 23. Bxf5 Nd5 24. Be5 Bxe5 25. fxe5 Ne3 26. Qb3 Nxf1 27. e6 Qd4+ 28. Kxf1 Qf4+ 29. Qf3 Qxf3+ 30. gxf3 g6 31. exf7+ Kxf7 32. Be4 g5 33. Ke2 Ke6 34. Kd3 Rf8 35. b5 axb5 36. axb5 Kd7 37. Kd4 Rf4 38. b6 Rh4 39. Ke5 Rxh2 40. Bf5+ Kd8 41. Be4 Re2 42. Kf5 Ke7 43. Kg6 Rxe4 44. fxe4 g4 0-1

[Event "SLO-chT1 East"]
[Site "Slovenia"]
[Date "2017.11.10"]
[Round "4"]
[White "Drnovsek, Nejc"]
[Black "Plahuta, Darko"]
[Result "1-0"]
[WhiteElo "2193"]
[BlackElo "2014"]
[PlyCount "54"]
[EventDate "2017.09.29"]
[EventType "team-tourn"]
[EventRounds "9"]
[EventCountry "SLO"]
[SourceTitle "EXT 2019"]
[Source "ChessBase"]
[SourceDate "2018.10.10"]
[SourceVersion "1"]
[SourceVersionDate "2018.10.10"]
[SourceQuality "1"]
[WhiteTeam "Maribor ZSK II"]
[BlackTeam "Sentjur"]
[WhiteTeamCountry "SLO"]
[BlackTeamCountry "SLO"]

1. d4 d5 2. c4 e6 3. Nc3 Nf6 4. Bg5 c6 5. e3 Nbd7 6. Nf3 Bd6 7. Bd3 0-0 8. 0-0 dxc4 9. Bxc4 Qc7 10. Rc1 a6 11. e4 e5 12. d5 c5 13. a4 h6 14. Be3 Nh7 15. Be2 Qa5 16. Nd2 Qd8 17. Nc4 Qe7 18. a5 b5 19. axb6 Rb8 20. Na4 f5 21. exf5 Rxf5 22. Bg4 Rf6 23. Na5 Qe8 24. b4 cxb4 25. Be6+ Rxe6 26. dxe6 Qxe6 27. Rc6 Qa2 1-0

[Event "SLO-chT1 East"]
[Site "Slovenia"]
[Date "2017.10.01"]
[Round "3"]
[White "Plahuta, Darko"]
[Black "Brinovec, David"]
[Result "1/2-1/2"]
[WhiteElo "2014"]
[BlackElo "2157"]
[PlyCount "186"]
[EventDate "2017.09.29"]
[EventType "team-tourn"]
[EventRounds "9"]
[EventCountry "SLO"]
[SourceTitle "EXT 2019"]
[Source "ChessBase"]
[SourceDate "2018.10.10"]
[SourceVersion "1"]
[SourceVersionDate "2018.10.10"]
[SourceQuality "1"]
[WhiteTeam "Sentjur"]
[BlackTeam "Zalec"]
[WhiteTeamCountry "SLO"]
[BlackTeamCountry "SLO"]

1. d4 d5 2. e3 Nf6 3. c4 e6 4. Nc3 c6 5. Nf3 Nbd7 6. Qc2 Bd6 7. Bd2 Qe7 8. Bd3 dxc4 9. Bxc4 b5 10. Bd3 Bb7 11. e4 e5 12. dxe5 Nxe5 13. Nxe5 Bxe5 14. Ne2 Rd8 15. Rd1 Bc7 16. Bc3 0-0 17. 0-0 Ng4 18. h3 Ne5 19. Bxe5 Qxe5 20. f4 Bb6+ 21. Kh2 Qc5 22. e5 Qxc2 23. Bxc2 c5 24. Nc3 a6 25. Ne4 Rd4 26. Rxd4 cxd4 27. Nd6 Bd5 28. b3 Rd8 29. Bd3 Bc5 30. Ne4 Ba3 31. Rd1 Kf8 32. Kg3 Ke7 33. Kf2 Rc8 34. g4 a5 35. Ng3 g6 36. Ne2 a4 37. Bxb5 axb3 38. axb3 Bc5 39. b4 Bxb4 40. Nxd4 Rc3 41. Nf5+ gxf5 42. Rxd5 fxg4 43. hxg4 Rc7 44. Bd3 h6 45. Rb5 Bc5+ 46. Kf3 f6 47. Ke4 fxe5 48. fxe5 Bf2 49. Rb8 Rd7 50. Bb5 Rd4+ 51. Kf5 Bg3 52. Rb7+ Kd8 53. e6 Rf4+ 54. Kg6 Rxg4+ 55. Kxh6 Bh4 56. e7+ Bxe7 57. Rd7+ Kc8 58. Rxe7 Rg1 59. Bd3 Kd8 60. Ra7 Rd1 61. Bf5 Rg1 62. Kh5 Re1 63. Kg5 Re7 64. Ra8+ Kc7 65. Kf6 Re1 66. Rc8+ Kd6 67. Rd8+ Kc7 68. Rd2 Kc6 69. Be6 Kc5 70. Ke7 Re3 71. Kd7 Re5 72. Rc2+ Kd4 73. Kd6 Ra5 74. Rc4+ Kd3 75. Bd5 Ra6+ 76. Ke5 Rh6 77. Rg4 Rh5+ 78. Kd6 Ke3 79. Re4+ Kd3 80. Kc5 Rh6 81. Re5 Rh4 82. Be6 Ra4 83. Bf5+ Kd2 84. Bd7 Rh4 85. Bb5 Rh8 86. Re2+ Kc3 87. Re3+ Kd2 88. Rg3 Rh5+ 89. Kb4 Rd5 90. Kc4 Rh5 91. Rd3+ Kc2 92. Kb4 Rh8 93. Rg3 Kd2 1/2-1/2

[Event "SLO-chT1 East"]
[Site "Slovenia"]
[Date "2017.09.29"]
[Round "1"]
[White "Vombek, Danijel"]
[Black "Plahuta, Darko"]
[Result "1-0"]
[WhiteElo "2282"]
[BlackElo "2014"]
[PlyCount "79"]
[EventDate "2017.09.29"]
[EventType "team-tourn"]
[EventRounds "9"]
[EventCountry "SLO"]
[SourceTitle "EXT 2019"]
[Source "ChessBase"]
[SourceDate "2018.10.10"]
[SourceVersion "1"]
[SourceVersionDate "2018.10.10"]
[SourceQuality "1"]
[WhiteTeam "Maribor Branik"]
[BlackTeam "Sentjur"]
[WhiteTeamCountry "SLO"]
[BlackTeamCountry "SLO"]

1. e4 e6 2. d3 d5 3. Nd2 Bd6 4. Ngf3 Nd7 5. Qe2 c6 6. g3 Ne7 7. e5 Bb8 8. Bg2 0-0 9. 0-0 f6 10. exf6 Nxf6 11. b3 Ng6 12. Bb2 Re8 13. d4 b6 14. Ne5 Nxe5 15. dxe5 Nd7 16. f4 Nf8 17. c4 a5 18. a4 Ra7 19. Rfd1 Rf7 20. Nf3 h6 21. Nd4 Bb7 22. cxd5 cxd5 23. Rac1 Nd7 24. Bh3 Nf8 25. Ba3 Qd7 26. Qb5 Qxb5 27. axb5 Bc8 28. Bxf8 Kxf8 29. Rxc8 Rxc8 30. Bxe6 Rc3 31. Bxf7 Kxf7 32. Nc6 Rxb3 33. Rxd5 a4 34. Nxb8 a3 35. Rd7+ Ke6 36. Ra7 Kd5 37. Kg2 Kc4 38. Nc6 Kc3 39. e6 Kb2 40. e7 1-0

[Event "SLO-chT1 East"]
[Site "Slovenia"]
[Date "2016.11.13"]
[Round "6"]
[White "Matjasic, Matjaz"]
[Black "Plahuta, Darko"]
[Result "0-1"]
[WhiteElo "1648"]
[BlackElo "2002"]
[PlyCount "78"]
[EventDate "2016.09.23"]
[EventType "team-tourn"]
[EventRounds "9"]
[EventCountry "SLO"]
[SourceTitle "EXT 2019"]
[Source "ChessBase"]
[SourceDate "2018.10.10"]
[SourceVersion "1"]
[SourceVersionDate "2018.10.10"]
[SourceQuality "1"]
[WhiteTeam "Brezice"]
[BlackTeam "Sentjur"]
[WhiteTeamCountry "SLO"]
[BlackTeamCountry "SLO"]

1. e4 e6 2. d4 d5 3. exd5 exd5 4. Bd3 Nf6 5. Ne2 Bd6 6. Bf4 0-0 7. 0-0 Bg4 8. Bxd6 Qxd6 9. f3 Bh5 10. c3 Nbd7 11. Qc2 Rfe8 12. Nd2 Re3 13. Ng3 Bg6 14. Nf5 Qe6 15. Kf2 Rxd3 16. Qxd3 Qxf5 17. Qxf5 Bxf5 18. Rfe1 h5 19. Re7 Be6 20. Re1 Kf8 21. R7xe6 fxe6 22. Rxe6 Re8 23. Rxe8+ Nxe8 24. Nf1 Kf7 25. Ng3 Ndf6 26. Ne2 Nd6 27. b3 g5 28. h3 h4 29. g3 hxg3+ 30. Kxg3 Kg6 31. a4 Kf5 32. h4 Nh5+ 33. Kh3 Nf4+ 34. Nxf4 Kxf4 35. c4 gxh4 36. c5 Nf5 37. b4 Nxd4 38. Kxh4 Nxf3+ 39. Kh3 d4 0-1

[Event "SLO-chT1 East"]
[Site "Slovenia"]
[Date "2016.11.11"]
[Round "4"]
[White "Nerat, Ivan"]
[Black "Plahuta, Darko"]
[Result "0-1"]
[WhiteElo "2033"]
[BlackElo "2002"]
[PlyCount "56"]
[EventDate "2016.09.23"]
[EventType "team-tourn"]
[EventRounds "9"]
[EventCountry "SLO"]
[SourceTitle "EXT 2019"]
[Source "ChessBase"]
[SourceDate "2018.10.10"]
[SourceVersion "1"]
[SourceVersionDate "2018.10.10"]
[SourceQuality "1"]
[WhiteTeam "Lendava Rokada"]
[BlackTeam "Sentjur"]
[WhiteTeamCountry "SLO"]
[BlackTeamCountry "SLO"]

1. d4 e6 2. c4 d5 3. Nf3 Nf6 4. g3 c6 5. Bg2 Bd6 6. 0-0 0-0 7. Nc3 Nbd7 8. e4 dxe4 9. Ng5 h6 10. Ngxe4 Bc7 11. Re1 Nxe4 12. Nxe4 f5 13. Nc3 e5 14. d5 e4 15. f3 Bb6+ 16. Kh1 Nf6 17. Be3 cxd5 18. cxd5 exf3 19. Bxf3 Ng4 20. Bxg4 fxg4 21. Qd2 Bd7 22. Bf4 Rf7 23. Re2 Qf8 24. Re6 Rd8 25. Rae1 Bxe6 26. Rxe6 Rf6 27. Qe2 Rxe6 28. dxe6 Qc5 0-1

[Event "SLO-chT1 East"]
[Site "Slovenia"]
[Date "2015.11.07"]
[Round "5"]
[White "Brinovec, Franc"]
[Black "Plahuta, Darko"]
[Result "1/2-1/2"]
[WhiteElo "2076"]
[BlackElo "2018"]
[PlyCount "46"]
[EventDate "2015.10.16"]
[EventType "team-tourn"]
[EventRounds "9"]
[EventCountry "SLO"]
[SourceTitle "EXT 2019"]
[Source "ChessBase"]
[SourceDate "2018.10.10"]
[SourceVersion "1"]
[SourceVersionDate "2018.10.10"]
[SourceQuality "1"]
[WhiteTeam "Zalec"]
[BlackTeam "Sentjur"]
[WhiteTeamCountry "SLO"]
[BlackTeamCountry "SLO"]

1. d4 e6 2. Nf3 d5 3. Bf4 Nf6 4. e3 Bd6 5. Bg5 Nbd7 6. Nbd2 c6 7. Bd3 e5 8. dxe5 Nxe5 9. Nxe5 Bxe5 10. c3 Bd6 11. Qc2 h6 12. Bh4 Be7 13. 0-0 0-0 14. Rfe1 Re8 15. Rad1 Ne4 16. Bxe7 Qxe7 17. Nxe4 dxe4 18. Bc4 Bg4 19. Be2 Bf5 20. Bc4 Bg4 21. Be2 Bf5 22. Bc4 Bg4 23. Be2 Bf5 1/2-1/2

[Event "SLO-chT1 East"]
[Site "Slovenia"]
[Date "2015.10.16"]
[Round "1"]
[White "Plahuta, Darko"]
[Black "Jazbec, Hinko"]
[Result "1/2-1/2"]
[WhiteElo "2018"]
[BlackElo "1970"]
[PlyCount "50"]
[EventDate "2015.10.16"]
[EventType "team-tourn"]
[EventRounds "9"]
[EventCountry "SLO"]
[SourceTitle "EXT 2019"]
[Source "ChessBase"]
[SourceDate "2018.10.10"]
[SourceVersion "1"]
[SourceVersionDate "2018.10.10"]
[SourceQuality "1"]
[WhiteTeam "Sentjur"]
[BlackTeam "Zagorje ob Savi"]
[WhiteTeamCountry "SLO"]
[BlackTeamCountry "SLO"]

1. d4 Nf6 2. c4 d6 3. Nc3 Nbd7 4. e4 e5 5. d5 c6 6. Be3 Qa5 7. f3 a6 8. Nh3 Rb8 9. a3 c5 10. Bd3 Be7 11. Qe2 Nf8 12. Nf2 Ng6 13. g3 Bd7 14. 0-0 Qc7 15. a4 a5 16. Bd2 b6 17. Ncd1 Qc8 18. Ne3 Kd8 19. Nf5 Ne8 20. Ng4 Bf8 21. Nge3 Kc7 22. Ng4 Kd8 23. Nge3 Kc7 24. Ng4 Kd8 25. Nge3 Kc7 1/2-1/2

[Event "Sentjur Ipavec Memorial 13th"]
[Site "Sentjur"]
[Date "2013.09.15"]
[Round "6"]
[White "Plahuta, Darko"]
[Black "Nikic, Saso"]
[Result "0-1"]
[WhiteElo "2012"]
[BlackElo "1759"]
[PlyCount "42"]
[EventDate "2013.09.11"]
[EventType "swiss"]
[EventRounds "9"]
[EventCountry "SLO"]
[SourceTitle "EXT 2015"]
[Source "ChessBase"]
[SourceDate "2014.11.20"]
[SourceVersion "1"]
[SourceVersionDate "2014.11.20"]
[SourceQuality "1"]

1. d4 Nf6 2. c4 g6 3. Nc3 Bg7 4. e4 d6 5. f3 0-0 6. Be3 c5 7. dxc5 dxc5 8. Qxd8 Rxd8 9. Bxc5 Nc6 10. Be2 Nd7 11. Be3 Nde5 12. a3 Na5 13. Nb5 Naxc4 14. Bc5 b6 15. Bxe7 Rd7 16. Bxc4 Nxc4 17. Rc1 Nxb2 18. Rc7 Rd1+ 19. Kf2 Ba6 20. Nxa7 Bd4+ 21. Kg3 Be5+ 0-1

[Event "Sentjur Ipavec Memorial 13th"]
[Site "Sentjur"]
[Date "2013.09.14"]
[Round "5"]
[White "Novak, Ksenija"]
[Black "Plahuta, Darko"]
[Result "1-0"]
[WhiteElo "2110"]
[BlackElo "2012"]
[PlyCount "59"]
[EventDate "2013.09.11"]
[EventType "swiss"]
[EventRounds "9"]
[EventCountry "SLO"]
[SourceTitle "EXT 2015"]
[Source "ChessBase"]
[SourceDate "2014.11.20"]
[SourceVersion "1"]
[SourceVersionDate "2014.11.20"]
[SourceQuality "1"]

1. Nf3 Nf6 2. c4 e6 3. g3 d5 4. Bg2 Be7 5. 0-0 0-0 6. b3 d4 7. Bb2 c5 8. b4 a5 9. bxc5 Bxc5 10. d3 Qd6 11. Nbd2 a4 12. Ng5 e5 13. Nge4 Nxe4 14. Nxe4 Qc7 15. Nxc5 Qxc5 16. f4 Nc6 17. fxe5 Nxe5 18. Bc1 Ng6 19. Rb1 Qe7 20. Qe1 Ra6 21. Be4 Rd8 22. Qb4 Rad6 23. Qxa4 Ra6 24. Qb3 b6 25. a3 Kh8 26. Qb4 Rd6 27. Bxg6 hxg6 28. Rxf7 Qxf7 29. Qxd6 Bg4 30. Qd8+ 1-0

[Event "SLO-chT1 Ost"]
[Site "Maribor"]
[Date "2012.10.13"]
[Round "4"]
[White "Grilc, Mojca"]
[Black "Plahuta, Darko"]
[Result "0-1"]
[WhiteElo "1905"]
[BlackElo "1994"]
[PlyCount "105"]
[EventDate "2012.10.11"]
[EventType "team-tourn"]
[EventRounds "9"]
[EventCountry "SLO"]
[SourceTitle "EXT 2022"]
[Source "ChessBase"]
[SourceDate "2021.10.06"]
[SourceVersion "1"]
[SourceVersionDate "2021.10.06"]
[SourceQuality "1"]

1. e4 e6 2. d4 d5 3. exd5 exd5 4. Bd3 Nf6 5. Bg5 Be7 6. Nf3 0-0 7. 0-0 Bg4 8. Nbd2 Ne4 9. Bxe7 Qxe7 10. Re1 f5 11. c4 c6 12. Qc2 Nd7 13. cxd5 cxd5 14. Qb3 Qd6 15. Bxe4 fxe4 16. Nxe4 Qb6 17. Qxd5+ Kh8 18. Ned2 Nf6 19. Qc5 Qd8 20. Rac1 b6 21. Qc4 Nd5 22. Ne5 Rc8 23. Qb3 Rxc1 24. Rxc1 Be6 25. Qa3 Nf4 26. Re1 Bd5 27. Ne4 Kg8 28. Qc3 Qa8 29. Qc2 Rc8 30. Qd2 Nxg2 31. Kxg2 Bxe4+ 32. Kg3 Rf8 33. Qc1 Bd5 34. a3 Qd8 35. h4 h6 36. f4 Rf6 37. Qe3 Qd6 38. Rc1 Bb7 39. Qb3+ Kh7 40. Qc2+ Kh8 41. Qc4 Bd5 42. Qa4 Rg6+ 43. Kf2 Rg2+ 44. Ke3 Qf8 45. Rf1 Qf6 46. Qe8+ Kh7 47. Nf3 Rg3 48. Qe5 Qd8 49. f5 Rg4 50. Kd2 Bxf3 51. Rxf3 Rxd4+ 52. Kc3 Rxh4 53. f6 0-1

[Event "Sentjur Ipavec Memorial 13th"]
[Site "Sentjur"]
[Date "2012.09.26"]
[Round "9"]
[White "Plahuta, Darko"]
[Black "Skuhala, Barbara"]
[Result "0-1"]
[WhiteElo "1994"]
[BlackElo "1845"]
[PlyCount "70"]
[EventDate "2012.09.19"]
[EventType "swiss"]
[EventRounds "9"]
[EventCountry "SLO"]
[SourceTitle "EXT 2015"]
[Source "ChessBase"]
[SourceDate "2014.11.20"]
[SourceVersion "1"]
[SourceVersionDate "2014.11.20"]
[SourceQuality "1"]

1. d4 Nf6 2. c4 e6 3. Nc3 Bb4 4. a3 Bxc3+ 5. bxc3 d6 6. Qc2 b6 7. e4 Bb7 8. Bd3 Nbd7 9. Ne2 0-0 10. 0-0 e5 11. f4 Re8 12. fxe5 dxe5 13. d5 Qe7 14. h3 Ba6 15. a4 Bxc4 16. Ba3 Bxd3 17. Qxd3 Nc5 18. Bxc5 Qxc5+ 19. Kh2 Rac8 20. Rf5 c6 21. Rd1 cxd5 22. exd5 Qd6 23. g3 Rc5 24. c4 Rec8 25. Nc3 Rxc4 26. Nb5 Rc2+ 27. Kh1 Qb4 28. Nxa7 Qb2 29. Kg1 Rg2+ 30. Kf1 Rh2 31. Ke1 Qb4+ 32. Kf1 Qb2 33. Ke1 Rcc2 34. Qb5 Rce2+ 35. Kf1 Rh1# 0-1

[Event "Sentjur Ipavec Memorial 13th"]
[Site "Sentjur"]
[Date "2012.09.22"]
[Round "5"]
[White "Plahuta, Darko"]
[Black "Bratkovic, Sham"]
[Result "1-0"]
[WhiteElo "1994"]
[BlackElo "1937"]
[PlyCount "77"]
[EventDate "2012.09.19"]
[EventType "swiss"]
[EventRounds "9"]
[EventCountry "SLO"]
[SourceTitle "EXT 2015"]
[Source "ChessBase"]
[SourceDate "2014.11.20"]
[SourceVersion "1"]
[SourceVersionDate "2014.11.20"]
[SourceQuality "1"]

1. d4 d5 2. Nf3 Nf6 3. e3 e6 4. c4 c6 5. Nc3 Nbd7 6. Qc2 Bd6 7. b3 0-0 8. Bb2 Re8 9. cxd5 exd5 10. Bd3 Nf8 11. h3 Ng6 12. 0-0 Qd7 13. Nd2 Bc7 14. Rae1 Qd6 15. f4 Nh4 16. Rf2 g6 17. e4 Qf8 18. e5 Bf5 19. g4 Bxd3 20. Qxd3 h5 21. Qg3 Bd8 22. Ree2 Nh7 23. Nd1 Qg7 24. Ne3 Kh8 25. g5 Nf5 26. Nxf5 gxf5 27. Qd3 f6 28. exf6 Bxf6 29. Kf1 Rg8 30. h4 Raf8 31. Nf3 Bd8 32. Re6 Qf7 33. Rfe2 Rg6 34. Qe3 Kg7 35. Qe5+ Kg8 36. Rxg6+ Qxg6 37. Ba3 Qf7 38. Bxf8 Nxf8 39. Qe8 1-0

[Event "Sentjur Ipavec Memorial 13th"]
[Site "Sentjur"]
[Date "2012.09.20"]
[Round "2"]
[White "Sibanc, Bogo"]
[Black "Plahuta, Darko"]
[Result "0-1"]
[WhiteElo "1810"]
[BlackElo "1994"]
[PlyCount "112"]
[EventDate "2012.09.19"]
[EventType "swiss"]
[EventRounds "9"]
[EventCountry "SLO"]
[SourceTitle "EXT 2015"]
[Source "ChessBase"]
[SourceDate "2014.11.20"]
[SourceVersion "1"]
[SourceVersionDate "2014.11.20"]
[SourceQuality "1"]

1. Nf3 d5 2. d4 e6 3. e3 Bd6 4. Nbd2 Nf6 5. Bd3 c6 6. c3 Nbd7 7. Qc2 0-0 8. 0-0 Re8 9. e4 dxe4 10. Nxe4 Nxe4 11. Bxe4 Nf8 12. Bg5 Qc7 13. Bh4 f5 14. Bd3 h6 15. Rfe1 Bd7 16. h3 g5 17. Bg3 Bxg3 18. fxg3 Qxg3 19. Ne5 h5 20. Qd2 f4 21. Re2 Re7 22. Rae1 Be8 23. Qc2 Rg7 24. Be4 Rd8 25. Rd1 g4 26. hxg4 hxg4 27. Rf2 f3 28. Rdf1 Qh4 29. Nxg4 Qxg4 30. Bxf3 Qg5 31. Re1 Bg6 32. Be4 Bxe4 33. Qxe4 c5 34. Rd1 b6 35. Rfd2 Rd5 36. c4 Rxd4 37. Rxd4 cxd4 38. b3 Rd7 39. Rd3 Qc1+ 40. Kh2 Rh7+ 41. Kg3 Qg5+ 42. Kf2 Qf5+ 43. Qxf5 exf5 44. Rxd4 Rf7 45. g3 Kg7 46. Ke3 Kf6 47. g4 Ne6 48. Rd2 fxg4 49. b4 Ke7 50. Rc2 Rf3+ 51. Ke4 Rf4+ 52. Ke5 g3 53. a3 Rf2 54. Rc3 g2 55. Rg3 Re2+ 56. Kf5 Rc2 0-1

[Event "SLO-chT1 Ost"]
[Site "Sentjur"]
[Date "2011.10.15"]
[Round "3"]
[White "Kranjec, Primoz"]
[Black "Plahuta, Darko"]
[Result "0-1"]
[WhiteElo "1888"]
[BlackElo "2036"]
[PlyCount "84"]
[EventDate "2011.10.13"]
[EventType "team-tourn"]
[EventRounds "9"]
[EventCountry "SLO"]
[SourceTitle "EXT 2022"]
[Source "ChessBase"]
[SourceDate "2021.10.06"]
[SourceVersion "1"]
[SourceVersionDate "2021.10.06"]
[SourceQuality "1"]
[WhiteTeam "Hoce"]
[BlackTeam "Sentjur"]
[WhiteTeamCountry "SLO"]
[BlackTeamCountry "SLO"]

1. e4 e6 2. d4 d5 3. Nc3 dxe4 4. Nxe4 Nd7 5. Be3 Ngf6 6. Bd3 Be7 7. Qd2 b6 8. 0-0-0 Bb7 9. f3 Nd5 10. Kb1 a6 11. c4 N5f6 12. Ne2 c5 13. N2g3 cxd4 14. Bxd4 Qc7 15. Rhe1 h6 16. b3 0-0-0 17. Qf2 Nc5 18. Nxc5 Bxc5 19. Bxc5 bxc5 20. h3 Rd4 21. Kc2 Rhd8 22. Ne2 R4d6 23. Nc3 Kb8 24. Qe3 Rd4 25. Ne2 Qa5 26. Nxd4 Qxa2+ 27. Kc1 cxd4 28. Qd2 Qxb3 29. Qb2 Qxb2+ 30. Kxb2 Kc7 31. Kc2 Nd7 32. Rb1 Nc5 33. Rb2 g6 34. Kd2 e5 35. Ra1 Nxd3 36. Kxd3 f5 37. Re1 e4+ 38. fxe4 fxe4+ 39. Kd2 Bc6 40. Rf1 Rd7 41. Rf4 a5 42. Ra2 a4 0-1

[Event "Sentjur Ipavec Memorial-A 12th"]
[Site "Sentjur"]
[Date "2011.09.21"]
[Round "9"]
[White "Plahuta, Darko"]
[Black "Gorsek, Gregor"]
[Result "1-0"]
[WhiteElo "2036"]
[BlackElo "2129"]
[PlyCount "66"]
[EventDate "2011.09.14"]
[EventType "swiss"]
[EventRounds "9"]
[EventCountry "SLO"]
[SourceTitle "EXT 2024"]
[Source "ChessBase"]
[SourceDate "2023.10.10"]
[SourceVersion "1"]
[SourceVersionDate "2023.10.10"]
[SourceQuality "1"]

1. d4 g6 2. e4 Bg7 3. c4 d6 4. Nc3 c5 5. d5 Qa5 6. Bd2 Qb6 7. Qc2 Bd7 8. Bd3 a5 9. Nge2 Nf6 10. 0-0 0-0 11. f4 Ng4 12. h3 Bd4+ 13. Nxd4 cxd4 14. Nd1 Nf6 15. e5 Nh5 16. exd6 Qxd6 17. f5 Na6 18. Nf2 Ng3 19. Ne4 Nxe4 20. Bxe4 Nc5 21. fxg6 fxg6 22. Bh6 Rf6 23. Bf3 b5 24. b3 bxc4 25. bxc4 Rb8 26. Qf2 d3 27. Rab1 Rb4 28. Rxb4 axb4 29. Qe3 Ba4 30. Rb1 b3 31. axb3 Bxb3 32. Ra1 Ba4 33. Bd1 Bxd1 1-0

[Event "Sentjur Ipavec Memorial-A 12th"]
[Site "Sentjur"]
[Date "2011.09.20"]
[Round "8"]
[White "Plahuta, Darko"]
[Black "Beletic, Daniel"]
[Result "0-1"]
[WhiteElo "2036"]
[BlackElo "2219"]
[PlyCount "75"]
[EventDate "2011.09.14"]
[EventType "swiss"]
[EventRounds "9"]
[EventCountry "SLO"]
[SourceTitle "CBM 144 Extra"]
[Source "ChessBase"]
[SourceDate "2011.10.28"]
[SourceVersion "1"]
[SourceVersionDate "2011.10.28"]
[SourceQuality "1"]

1. d4 Nf6 2. Nf3 g6 3. g3 Bg7 4. Bg2 0-0 5. 0-0 d6 6. Re1 c5 7. d5 b5 8. a4 bxa4 9. Rxa4 Nbd7 10. e4 Nb6 11. Ra2 e6 12. dxe6 Bxe6 13. b3 d5 14. e5 Nfd7 15. Ng5 Nxe5 16. Nxe6 fxe6 17. f4 Nc6 18. c4 Nd4 19. Nc3 dxc4 20. bxc4 Nxc4 21. Qd3 Nd6 22. Bxa8 Qxa8 23. Rf2 Rb8 24. Bd2 Rb3 25. Rb1 c4 26. Qf1 Ne4 27. Nxe4 Qxe4 28. Rxb3 cxb3 29. Bc3 Nf3+ 30. Rxf3 Bxc3 31. Qb5 Kg7 32. Qd7+ Kh6 33. Qd8 Qd4+ 34. Qxd4 Bxd4+ 35. Kf1 b2 36. Rb3 a5 37. g4 a4 38. Rb7 0-1

[Event "Sentjur Ipavec Memorial-A 12th"]
[Site "Sentjur"]
[Date "2011.09.18"]
[Round "6"]
[White "Plahuta, Darko"]
[Black "Florjancic, Rudolf"]
[Result "1/2-1/2"]
[WhiteElo "2036"]
[BlackElo "1961"]
[PlyCount "84"]
[EventDate "2011.09.14"]
[EventType "swiss"]
[EventRounds "9"]
[EventCountry "SLO"]
[SourceTitle "CBM 144 Extra"]
[Source "ChessBase"]
[SourceDate "2011.10.28"]
[SourceVersion "1"]
[SourceVersionDate "2011.10.28"]
[SourceQuality "1"]

1. d4 Nf6 2. c4 g6 3. Nc3 d5 4. cxd5 Nxd5 5. e4 Nxc3 6. bxc3 c5 7. d5 Bg7 8. Qd2 0-0 9. Rb1 e6 10. c4 exd5 11. exd5 Nd7 12. Nf3 b6 13. Be2 Nf6 14. 0-0 Ne4 15. Qc2 Nc3 16. Rb3 Nxe2+ 17. Qxe2 Re8 18. Qd1 Qd6 19. Be3 Bd7 20. Qc1 Bg4 21. Bf4 Qd7 22. h3 Bxf3 23. Rxf3 Re4 24. Qc2 Rae8 25. Be3 f5 26. Rf4 Bf8 27. Rxe4 Rxe4 28. Bc1 Bd6 29. Bb2 Qe7 30. Ba1 h6 31. g3 Re2 32. Qd3 Qe4 33. Qc3 Be5 34. Qxe5 Qxe5 35. Bxe5 Rxe5 36. Rd1 Kf7 37. Rd3 Re1+ 38. Kg2 Rc1 39. Ra3 a5 40. Rb3 Rxc4 41. Rxb6 Rd4 42. Rb5 Rxd5 1/2-1/2

[Event "Sentjur Ipavec Memorial-A 12th"]
[Site "Sentjur"]
[Date "2011.09.17"]
[Round "4"]
[White "Unuk, Laura"]
[Black "Plahuta, Darko"]
[Result "0-1"]
[WhiteElo "1720"]
[BlackElo "2036"]
[PlyCount "58"]
[EventDate "2011.09.14"]
[EventType "swiss"]
[EventRounds "9"]
[EventCountry "SLO"]
[SourceTitle "CBM 144 Extra"]
[Source "ChessBase"]
[SourceDate "2011.10.28"]
[SourceVersion "1"]
[SourceVersionDate "2011.10.28"]
[SourceQuality "1"]

1. d4 e6 2. c4 d5 3. Nc3 Nf6 4. Bg5 Bb4 5. Nf3 c6 6. Qc2 Nbd7 7. e3 0-0 8. Bd3 h6 9. Bh4 Re8 10. 0-0 Be7 11. cxd5 exd5 12. Ne5 Nxe5 13. dxe5 Ng4 14. Bxe7 Qxe7 15. e4 Qxe5 16. g3 Qh5 17. h4 g5 18. Rae1 d4 19. Nd1 gxh4 20. gxh4 Qxh4 21. f3 Ne5 22. Re2 Bh3 23. Rff2 Kh8 24. Bc4 Rg8+ 25. Rg2 Bxg2 26. Rxg2 Rxg2+ 27. Kxg2 Rg8+ 28. Kf1 Qh1+ 29. Ke2 Qxf3+ 0-1